Trailer life

Detalles Bibliográficos
Formato: Electrónico Revista
Lenguaje:inglés
Publicado: Agoura, Calif. Trailer Life Pub. Co.
Materias:
Acceso en línea:Full text available from Research Library: 11/01/1995 to 11/30/2007

MARC

LEADER 00000nas a22000001 4500
001 ssj0012719
003 WaSeSS
005 20200512172242.0
006 m d
007 cr n
008 780605c19uu9999caumr p s 0 a0eng c
010 |a sf 81008010   |z sn 78004049  
022 |l 0041-0780  |y 0041-0780 
032 |a 454970  |b USPS 
035 |a (WaSeSS)ssj0012719 
040 |a COO  |b eng  |c COO  |d NSD  |d DLC  |d OCL  |d AIP  |d NSD  |d AIP  |d NSD  |d AIP  |d NSD  |d OCLCQ  |d KNV  |d OCLCQ  |d OCLCF  |d OCLCO  |d DLC  |d OCLCQ  |d OCLCO  |d LD4  |d OCLCO  |d WaSeSS 
042 |a nsdp  |a pcc 
050 0 0 |a TX1100  |b .T7 
210 0 |a Trailer life 
222 0 |a Trailer life 
245 0 0 |a Trailer life  |h [electronic resource]. 
260 |a Agoura, Calif.  |b Trailer Life Pub. Co. 
310 |a Monthly 
500 |a Imprint varies. 
500 |a Selected articles appear in: RVer's annual. 
506 |a License restrictions may limit access. 
650 0 |a Automobile trailers  |v Periodicals. 
650 0 |a Camping  |v Periodicals. 
650 7 |a Automobile trailers.  |2 fast  |0 (OCoLC)fst00823210 
650 7 |a Camping.  |2 fast  |0 (OCoLC)fst00844926 
655 0 |a Electronic journals. 
787 1 |t RVer's annual  |x 1040-3744  |w (DLC)sn 88002755  |w (OCoLC)18394054 
850 |a DLC 
856 4 0 |z Full text available from Research Library: 11/01/1995 to 11/30/2007  |u https://search.proquest.com/publication/37801